000 00444nam a2200169Ia 4500
003 GCL
008 140319s9999 xx 000 0 eng d
040 _aGCL /
_cGCL
082 0 4 _aCC
_b932
_bQ S
100 1 _aQUIBELL, A. A.
245 1 0 _aSOME NOTES ON EGYPTION HISTORY OF ART /
_cQUIBELL, A. A.
260 _a[S.N] :
_bC.M.S. BOOKSHOP ،
_c1919
300 _a176 PP
650 0 4 _aANCIENT EGYPT
650 0 4 _aART, EGYPTIAN
942 _2ddc
_cBK
999 _c19222
_d19222